[Event "BCF-chT3 0708 (4NCL)"]
[Site "Sunningdale"]
[Date "2008.03.02"]
[Round "8.7"]
[White "Liu, Beinan"]
[Black "Elwin, Adrian G"]
[Result "1/2-1/2"]
[WhiteElo "1875"]
[BlackElo "2033"]
[PlyCount "26"]
[EventDate "2007.09.15"]
[EventType "team-tourn"]
[EventRounds "11"]
[EventCountry "ENG"]
[SourceTitle "EXT 2023"]
[Source "ChessBase"]
[SourceDate "2022.10.05"]
[SourceVersion "1"]
[SourceVersionDate "2022.10.05"]
[SourceQuality "1"]
[WhiteTeam "Cambridge II"]
[BlackTeam "FCA Solutions"]
[WhiteTeamCountry "ENG"]
[BlackTeamCountry "ENG"]

1. d4 Nf6 2. c4 g6 3. g3 d5 4. cxd5 Qxd5 5. Nf3 c6 6. Bg2 Bg7 7. 0-0 0-0 8. Ne5 Qd8 9. Nc3 Nbd7 10. Nd3 Nb6 11. Nc5 Nbd7 12. Nd3 Nb6 13. Nc5 Nbd7 1/2-1/2